000 00446nam a2200181Ia 4500
001 21393
005 20260306172916.0
008 260306t2015||||xx |||||||||||||| ||spa||
041 _aESP
082 _a344.83
_bG23 V. 1
100 _aGarcía Cavero, Percy
_eAUT
245 0 _aDerecho penal económico:
_bparte especial
260 _c2015
300 _a669 páginas :
_c25 cm.
650 _aGEN
654 _aCDE
942 _cLIB
_dJUS
_fJUS
_2ddc
_n
999 _c21393
_d21393